000 00575nam a2200217 i 4500
001 C2-0090414
003 PPAK
005 20180727092029.0
008 970512s1985 enka|||| ||||| | eng d
040 _aPPAK
_beng
_cPPAK
_erda
082 0 4 _a597.96
_223
090 0 0 _a597.96
_bMOO
_dRK
100 1 _aMoon, Cliff,
_eauthor
245 1 0 _aSnakes in the wild
264 1 _aHove :
_bWayland ,
_c1985
300 _a61 pages :
_bcolour illustrations ;
_c24 cm
336 _2rdacontent
_atext
337 _2rdamedia
_aunmediated
338 _2rdacarrier
_avolume
942 _ddc
_cB
999 _c18915
_d18915